| 000 | 00432nam a2200181Ia 4500 | ||
|---|---|---|---|
| 001 | 15814 | ||
| 005 | 20260306170223.0 | ||
| 008 | 260306t2003||||xx |||||||||||||| ||und|| | ||
| 041 | _aESP | ||
| 082 |
_a620.11 _bB74 |
||
| 100 |
_aBoresi, Arthur P. _eAUT |
||
| 245 | 0 | _aAdvanced machanics of materials | |
| 260 | _c2003 | ||
| 300 |
_axiv, 681 páginas : _c26 cm. |
||
| 650 | _aGEN | ||
| 654 | _aCII | ||
| 942 |
_cLIB _dJUS _fJUS _2ddc _n |
||
| 999 |
_c15814 _d15814 |
||